000 00812nam a2200217Ia 4500
001 b2325-22551 [1051]
003 IT-MiCISF
008 161014s9999||||xx |||||||||||||| ||und||
040 _aIT-MiCISF
_cIT-MiCISF
041 _ait
100 _aChiaia Maria
245 0 _aDonna e lavoro
_bUna sfida per il 2000 aspetti e prospettive italiane e europee
250 _a1a ed.
260 _a Roma
_bCentro italiano femminile
_c1988
300 _ap. 333
500 _aDetragiache A., Calvaruso C., Angelini G., Totaro F., Cassanmagnago M.L., Toja P., Borgogelli F., Gaiotti P., Manoukian F., Plebani E., Battistoni L., Fontana P., Balestra E., Bosco Lucarelli M.R. / donna, lavoro, qualità-della-vita, lavoro-domestico /
650 _adonna
700 _aAA.VV.
942 _cBK
957 _71
999 _a22551
_bsi
_g1
_c215155
_d215155